000 00327nam a22001457a 4500
003 OSt
005 20160727222358.0
008 160622b xxu||||| |||| 00| 0 eng d
040 _cTEST
100 _9597
_aHazen, B. S
245 _aTo be a friend
260 _aNorwalk
_b Gibson Com
300 _aTo be a friend
942 _2ddc
_cBK
999 _c490
_d490